Códice Techialoyan García Granados /
Los Códices Techialoyan fueron elaborados hacia fines del siglo XVII, con dibujos de estilo europeo y texto en náhuatl. El grupo consta de 54 códices, entre originales y copias, al que se les denominó así por haber sido encontrados en el antiguo poblado de Techialoyan, en el valle de Toluca del Esta...
Shranjeno v:
| Drugi avtorji: | , , |
|---|---|
| Format: | Knjiga |
| Jezik: | španščina |
| Izdano: |
Toluca, México :
Gobierno del Estado de México : El Colegio Mexiquense,
1992, c1992
|
| Teme: | |
| Oznake: |
Brez oznak, prvi označite!
|
MARC
| LEADER | 00000nam^a2200000^a^4500 | ||
|---|---|---|---|
| 001 | 000583990 | ||
| 005 | 20250526000000.0 | ||
| 009 | 20260310132701.057 | ||
| 020 | |a 968-6258-27-2 | ||
| 037 | |a Acervo Xavier Clavigero | ||
| 041 | |a ESP | ||
| 091 | |a FIP. 01612 | ||
| 240 | 1 | 1 | |a [Códices Techialoyan] |
| 245 | 0 | 0 | |a Códice Techialoyan García Granados / |c Presen. de M.T. Jarquín Ortega ; estudio introd. de X. Noguez ; estudio de R. Hernández R. |
| 264 | 4 | |a Toluca, México : |b Gobierno del Estado de México : |b El Colegio Mexiquense, |c 1992, c1992 | |
| 300 | |a 1 v. (1 lámina desplegable) + |e 1 libro (70 p.) ; |c 44.0 cm. | ||
| 336 | |a texto |b txt |2 rdacontenido | ||
| 337 | |a sin mediación |b n |2 rdamedio | ||
| 338 | |a volumen |b nc |2 rdasoporte | ||
| 520 | |a Los Códices Techialoyan fueron elaborados hacia fines del siglo XVII, con dibujos de estilo europeo y texto en náhuatl. El grupo consta de 54 códices, entre originales y copias, al que se les denominó así por haber sido encontrados en el antiguo poblado de Techialoyan, en el valle de Toluca del Estado de México. El código García Granados es considerado uno de los más importantes; consiste en una tira de papel amate, pintado en ambos lados, de cerca de 674 cm de largo por 49.5 cm de ancho, organizado en seis grandes porciones. Pretende mostrar la genealogía de las casas señoriales y de los nobles indígenas, o pipiltin, así como la demostración de sus derechos ancestrales a poseer tierras. La presente obra es una versión facsimilar del códice, e incluye un libro con un estudio arqueológico del contenido del códice. | ||
| 546 | |a En el códice la edición es en nahua | ||
| 649 | |a XX | ||
| 650 | |a Emperadores Aztecas | ||
| 650 | |a Nahuas - |x Historia | ||
| 650 | |a Indígenas de México - |x Historia | ||
| 650 | |a Códices Posthispánicos - |z México | ||
| 650 | |a Códices Posthispánicos - |z México - |x Historia y Crítica | ||
| 650 | |a Genealogía | ||
| 650 | |a Toluca, México (Estado) - |x Historia - |y Epoca Prehispánica | ||
| 650 | |a Toluca, México (Estado) - |x Historia - |y Siglo XVI | ||
| 650 | |a Toluca, México (Estado) - |x Historia - |y Epoca Colonial, 1517-1821 | ||
| 650 | |a México - |x Historia - |y Epoca Prehispánica | ||
| 650 | |a México - |x Historia - |y Siglo XVI | ||
| 650 | |a México - |x Historia - |y Epoca Colonial, 1517-1821 | ||
| 700 | |a Jarquín Ortega, María Teresa |e (presentación) | ||
| 700 | |a Noguez, Xavier |e (introducción) | ||
| 700 | |a Hernández R., Rosaura |e (estudio) | ||
| 910 | |a Fondo Manuel Ignacio Pérez Alonso S.J. | ||
| 920 | |a Impresos - Libros | ||
| 930 | |a Libros Antiguos y Raros | ||
| 905 | |a 108 | ||
| 901 | |a 0500408962 |b IT2 |c LRA |i D |u 20250526 | ||
| 901 | |a 0500412361 |b IT2 |c LRA |i D |u 20250526 | ||
| 902 | |a https://opac.biblio.iteso.mx/vufind/Record/000583990 | ||